La discographie de Nct U - Statistiques

Statistiques générales
  • Ce quiz a été pris 34 fois
  • Le résultat moyen est 27 sur 56
Statistiques - réponses
Réponse % Correct
Boss
85%
Baby Don't Stop
81%
Resonance
81%
The 7th Sense
81%
90's Love
77%
Make A Wish
77%
Work It
77%
Baggy Jeans
69%
The Bat
69%
Yestoday
69%
Pado
65%
Universe (Let's Play Ball)
65%
Without You
65%
Black On Black
62%
Faded In My Last Song
62%
Call D
54%
Intro : Neo Got My Back
54%
Ok !
54%
Raise The Roof
54%
Beautiful
50%
Birthday Party
50%
Dream In A Dream
50%
From Home
50%
Kangaroo
50%
Alley Oop
46%
Golden Age
46%
Light Bulb
46%
Misfit
46%
Round&Round
46%
Timeless
46%
Volcano
46%
Interlude : Oasis
42%
New Axis
42%
Conextion (Age Of Light)
38%
Dancing In The Rain
38%
I.O.U
38%
Know Now
38%
Not Your Fault
38%
Rain Day
38%
Marine Turtle
35%
That's Not Fair
35%
Vroom
35%
All About You
31%
Coming Home
31%
Do It (Let's Play)
31%
Good Night
31%
Outro : Vision
31%
Interlude : Past To Present
27%
Maniac
27%
Outro : Dream Routine
27%
N. Y. C. T
23%
Radio Romance
23%
Sweet Dream
23%
Baby Only You
19%
New Dream
19%
New Love
19%
Aucun quiz correspondant
Distribution des résultats
% des personnes avec chaque résultat
Percentile par nombre de réponses
Votre historique - résultats
Vous n’avez pas pris ce quiz